[Event "CRO-chT1A 30th"]
[Site "Porec"]
[Date "2022.09.26"]
[Round "3.2"]
[White "Nemeth, Miklos"]
[Black "Fercec, Nenad"]
[Result "1/2-1/2"]
[WhiteElo "2459"]
[BlackElo "2403"]
[PlyCount "79"]
[EventDate "2022.09.24"]
[EventType "team-tourn"]
[EventRounds "9"]
[EventCountry "CRO"]
[SourceTitle "CBM 210 Extra"]
[Source "ChessBase"]
[SourceDate "2022.11.30"]
[SourceVersion "1"]
[SourceVersionDate "2022.11.30"]
[SourceQuality "1"]
[WhiteTeam "Strigova Stridon"]
[BlackTeam "Pula"]
[WhiteTeamCountry "CRO"]
[BlackTeamCountry "CRO"]

1. e4 c5 2. Nf3 d6 3. d4 cxd4 4. Qxd4 a6 5. Be2 Nc6 6. Qe3 g6 7. 0-0 Bg7 8. h3 Nf6 9. Rd1 0-0 10. Nc3 Be6 11. a3 Rc8 12. Bf1 Qc7 13. Qf4 Ne5 14. Nxe5 Nh5 15. Qh4 Bxe5 16. Be2 Nf6 17. Bd3 Nd7 18. Bd2 Nb6 19. f4 Bd4+ 20. Kh1 Nc4 21. Bxc4 Bxc4 22. f5 Rfe8 23. Rab1 Bf6 24. Qg4 e6 25. fxg6 hxg6 26. Bf4 Red8 27. Qg3 e5 28. Be3 Qe7 29. Rd2 Kg7 30. Rbd1 Rc6 31. Qf2 Rh8 32. Nd5 Bxd5 33. Rxd5 Rh4 34. Qe2 b5 35. Qd3 Qc7 36. Bf2 Rh8 37. c3 Be7 38. Bg3 Qc8 39. Rf1 Qe6 40. b3 1/2-1/2

[Event "Nova Gorica op-A 26th"]
[Site "Nova Gorica"]
[Date "2022.09.21"]
[Round "8"]
[White "Subelj, Jan"]
[Black "Fercec, Nenad"]
[Result "1-0"]
[WhiteElo "2505"]
[BlackElo "2403"]
[PlyCount "57"]
[EventDate "2022.09.16"]
[EventType "swiss"]
[EventRounds "9"]
[EventCountry "SLO"]
[SourceTitle "CBM 210 Extra"]
[Source "ChessBase"]
[SourceDate "2022.11.30"]
[SourceVersion "1"]
[SourceVersionDate "2022.11.30"]
[SourceQuality "1"]

1. e4 c5 2. Nf3 d6 3. d4 cxd4 4. Nxd4 Nf6 5. Nc3 a6 6. Rg1 h5 7. Be3 Ng4 8. Bg5 Nxh2 9. Bc4 Ng4 10. Qd2 Nd7 11. 0-0-0 Qc7 12. Bb3 e6 13. Bxe6 fxe6 14. Nxe6 Qa5 15. f4 Kf7 16. Bd8 b6 17. Nc7 Rb8 18. e5 Nc5 19. exd6 Bf5 20. Bg5 Nf6 21. Qe2 Ncd7 22. Rge1 Kg6 23. Bxf6 Nxf6 24. Qf1 b5 25. Re5 Bxd6 26. Rxf5 Bxc7 27. Qd3 Kf7 28. Qd7+ Kf8 29. Nd5 1-0